[Event "Madrid Los Angeles op 10th"]
[Site "Madrid"]
[Date "2016.04.24"]
[Round "4"]
[White "Rodriguez Nieto, Miguel Angel"]
[Black "Garces Adan, Jose A"]
[Result "1-0"]
[WhiteElo "1725"]
[BlackElo "1808"]
[PlyCount "85"]
[EventDate "2016.04.03"]
[EventType "swiss"]
[EventRounds "9"]
[EventCountry "ESP"]
[SourceTitle "CBM 172 Extra"]
[Source "ChessBase"]
[SourceDate "2016.06.21"]
[SourceVersion "1"]
[SourceVersionDate "2016.06.21"]
[SourceQuality "1"]

1. c4 e5 2. Nc3 Nf6 3. g3 Bc5 4. Nf3 Nc6 5. Bg2 a6 6. 0-0 d6 7. d3 h6 8. a3 0-0 9. b4 Ba7 10. Rb1 Bg4 11. Re1 Nh7 12. Qc2 Bxf3 13. exf3 Nd4 14. Qd1 f5 15. Ne2 f4 16. Nxd4 Bxd4 17. Bb2 fxg3 18. hxg3 Bxb2 19. Rxb2 Qf6 20. Rbe2 Ng5 21. Re3 Rae8 22. R1e2 Qg6 23. d4 exd4 24. Qxd4 Rxe3 25. Rxe3 Qb1+ 26. Kh2 Qc2 27. Re7 Qg6 28. f4 Nh7 29. Qd5+ Kh8 30. Be4 Qf6 31. Rxc7 Qb2 32. Kg2 Nf6 33. Qxb7 Qd4 34. Bf3 g5 35. Rc8 Rxc8 36. Qxc8+ Kg7 37. fxg5 hxg5 38. Qxa6 g4 39. Qb7+ Kg6 40. Bd5 Qd3 41. Qf7+ Kf5 42. Qe6+ Kg5 43. Qe3+ 1-0

[Event "Guadalajara-chT"]
[Site "Guadalajara"]
[Date "2016.03.05"]
[Round "7.1"]
[White "Garces Adan, Jose A"]
[Black "Rodriguez Lopez, Ruben"]
[Result "0-1"]
[WhiteElo "1838"]
[BlackElo "1931"]
[PlyCount "66"]
[EventDate "2016.01.23"]
[EventType "team-tourn"]
[EventRounds "9"]
[EventCountry "ESP"]
[SourceTitle "EXT 2017"]
[Source "ChessBase"]
[SourceDate "2016.10.25"]
[SourceVersion "1"]
[SourceVersionDate "2016.10.25"]
[SourceQuality "1"]
[WhiteTeam "Azuqueca"]
[BlackTeam "Uned A"]
[WhiteTeamCountry "ESP"]
[BlackTeamCountry "ESP"]

1. e4 c5 2. Nf3 d6 3. c3 Nf6 4. Be2 Nc6 5. d4 cxd4 6. cxd4 Nxe4 7. d5 Qa5+ 8. Nc3 Nb8 9. Qb3 Nd7 10. 0-0 Nef6 11. Bd2 Qd8 12. Rac1 a6 13. Qc2 g6 14. Nd4 Bg7 15. f4 0-0 16. Be3 Re8 17. f5 Ne5 18. h3 Bd7 19. Rcd1 Rc8 20. Qb3 Qa5 21. Nf3 Nxf3+ 22. Rxf3 b5 23. Bd3 b4 24. fxg6 hxg6 25. Bxa6 Rxc3 26. bxc3 Ba4 27. Qxb4 Qxb4 28. cxb4 Bxd1 29. Rf1 Nxd5 30. Rxd1 Nxe3 31. Rc1 Ra8 32. b5 Bd4 33. Kh2 d5 0-1

[Event "Guadalajara-chT"]
[Site "Guadalajara"]
[Date "2016.01.23"]
[Round "1.1"]
[White "Garces Adan, Jose A"]
[Black "Chudyk, Ivan"]
[Result "1/2-1/2"]
[WhiteElo "1838"]
[BlackElo "1368"]
[PlyCount "121"]
[EventDate "2016.01.23"]
[EventType "team-tourn"]
[EventRounds "9"]
[EventCountry "ESP"]
[SourceTitle "EXT 2017"]
[Source "ChessBase"]
[SourceDate "2016.10.25"]
[SourceVersion "1"]
[SourceVersionDate "2016.10.25"]
[SourceQuality "1"]
[WhiteTeam "Azuqueca"]
[BlackTeam "Guadalajara Junior"]
[WhiteTeamCountry "ESP"]
[BlackTeamCountry "ESP"]

1. e4 c5 2. Nf3 d6 3. c3 Nf6 4. Be2 Nc6 5. d4 cxd4 6. Nxd4 Bd7 7. Bd3 Qb6 8. Nb3 Ng4 9. 0-0 g6 10. h3 Nf6 11. Be3 Qc7 12. f4 Bg7 13. N1d2 0-0 14. Qc2 e6 15. Nf3 Nh5 16. Rac1 Bh6 17. Nh2 e5 18. Ng4 Bxg4 19. hxg4 Bxf4 20. Qf2 Bxe3 21. Qxe3 Nf4 22. Bc2 Qb6 23. Rfe1 Qd8 24. g3 Nh3+ 25. Kg2 Ng5 26. Rcd1 Qe7 27. Nd2 Rad8 28. Rh1 f6 29. Bb3+ Kg7 30. Nf3 Nf7 31. Rxh7+ Kxh7 32. Rh1+ Kg7 33. Bxf7 Kxf7 34. Rh7+ Ke6 35. Rxe7+ Kxe7 36. Qh6 g5 37. Qh1 d5 38. exd5 Rxd5 39. Qh7+ Rf7 40. Qe4 Ra5 41. a4 Kf8 42. Qc2 Rd5 43. b4 Rfd7 44. Qf5 R5d6 45. Nxg5 Ne7 46. Nh7+ Kg7 47. Qe4 Ng6 48. Nxf6 Rxf6 49. g5 Rfd6 50. b5 Rd2+ 51. Kh3 R2d3 52. Kg4 R3d4 53. cxd4 Rxd4 54. Kf5 Ne7+ 55. Kxe5 Rxe4+ 56. Kxe4 Kg6 57. Ke5 Nc8 58. a5 Kxg5 59. Ke6 a6 60. Kd7 axb5 61. Kxc8 1/2-1/2

[Event "Madrid San Viator op 24th"]
[Site "Madrid"]
[Date "2015.05.10"]
[Round "6"]
[White "Garces Adan, Jose A"]
[Black "Caravantes Camacho, Fernando"]
[Result "1-0"]
[WhiteElo "1776"]
[BlackElo "1502"]
[PlyCount "59"]
[EventDate "2015.03.22"]
[EventType "swiss"]
[EventRounds "9"]
[EventCountry "ESP"]
[SourceTitle "EXT 2016"]
[Source "ChessBase"]
[SourceDate "2015.10.08"]
[SourceVersion "1"]
[SourceVersionDate "2015.10.08"]
[SourceQuality "1"]

1. e4 e6 2. d4 d5 3. exd5 exd5 4. c4 Nf6 5. Nc3 Bb4 6. Bd3 0-0 7. Nge2 c6 8. 0-0 Be6 9. a3 Ba5 10. b4 Bc7 11. c5 a6 12. f4 Bg4 13. Qe1 Re8 14. Qh4 Nbd7 15. Ng3 Nf8 16. f5 Bxg3 17. hxg3 b5 18. Bg5 a5 19. Bxf6 Qxf6 20. Qxg4 axb4 21. axb4 Rxa1 22. Rxa1 Re3 23. Rd1 Qe7 24. Ne2 Nd7 25. Kf2 Nf6 26. Qf4 h5 27. Qb8+ Kh7 28. Nf4 Ng4+ 29. Kf1 Rxg3 30. f6+ 1-0

[Event "Madrid San Viator op 24th"]
[Site "Madrid"]
[Date "2015.03.29"]
[Round "2"]
[White "Garces Adan, Jose A"]
[Black "Mosteiro Montoro, Alvaro"]
[Result "1-0"]
[WhiteElo "1776"]
[BlackElo "1591"]
[PlyCount "63"]
[EventDate "2015.03.22"]
[EventType "swiss"]
[EventRounds "9"]
[EventCountry "ESP"]
[SourceTitle "EXT 2016"]
[Source "ChessBase"]
[SourceDate "2015.10.08"]
[SourceVersion "1"]
[SourceVersionDate "2015.10.08"]
[SourceQuality "1"]

1. e4 c5 2. Nf3 Nc6 3. c3 d6 4. d4 cxd4 5. cxd4 a6 6. d5 Nb8 7. Nc3 g6 8. Bc4 Bg4 9. h3 Bxf3 10. Qxf3 Nd7 11. 0-0 Ne5 12. Qe2 Rc8 13. Bb3 Bg7 14. Bg5 h6 15. Bh4 g5 16. Bg3 Ng6 17. f4 Bd4+ 18. Kh1 Bxc3 19. bxc3 Rxc3 20. fxg5 Rxg3 21. Qf2 Rxh3+ 22. gxh3 Ne5 23. Rac1 hxg5 24. Qf5 e6 25. dxe6 f6 26. Rc3 Ke7 27. Rfc1 Nc6 28. e5 dxe5 29. Rd1 Nd4 30. Qe4 Qb6 31. Qd5 Qd6 32. Qxb7+ 1-0

[Event "Madrid San Viator op 24th"]
[Site "Madrid"]
[Date "2015.03.22"]
[Round "1"]
[White "Lopez de Turiso, Jose Angel"]
[Black "Garces Adan, Jose A"]
[Result "1-0"]
[WhiteElo "2046"]
[BlackElo "1776"]
[PlyCount "85"]
[EventDate "2015.03.22"]
[EventType "swiss"]
[EventRounds "9"]
[EventCountry "ESP"]
[SourceTitle "EXT 2016"]
[Source "ChessBase"]
[SourceDate "2015.10.08"]
[SourceVersion "1"]
[SourceVersionDate "2015.10.08"]
[SourceQuality "1"]

1. d4 d5 2. Nf3 Nf6 3. c4 e6 4. Bg5 Be7 5. e3 0-0 6. Nc3 b6 7. cxd5 Nxd5 8. Nxd5 exd5 9. Bxe7 Qxe7 10. Qa4 Bd7 11. Qb3 c6 12. Bd3 Be6 13. Rc1 h6 14. 0-0 c5 15. dxc5 bxc5 16. Qa3 Nd7 17. b3 Bg4 18. Be2 Qe6 19. Rc2 Bf5 20. Rd2 Nf6 21. Rc1 Ne4 22. Rdd1 Rfe8 23. Rf1 Bg4 24. Rc2 Bf5 25. Bd3 Rac8 26. Nd2 Qg6 27. Bxe4 dxe4 28. Kh1 Qg4 29. Nc4 Re6 30. Rg1 Rd8 31. Qc1 h5 32. Rd2 Rd3 33. Nb2 Rg6 34. Nxd3 exd3 35. f3 Qg5 36. Qxc5 Qf6 37. e4 Bh3 38. Rxd3 Rg5 39. Qd4 Qa6 40. Qd8+ Kh7 41. Qxg5 Bxg2+ 42. Rxg2 Qxd3 43. Qxg7# 1-0

[Event "Madrid Codes Memorial 8th"]
[Site "Madrid"]
[Date "2014.05.11"]
[Round "7"]
[White "Garces Adan, Jose A"]
[Black "Gil Sierra, Jacinto"]
[Result "1-0"]
[WhiteElo "1777"]
[BlackElo "2037"]
[PlyCount "59"]
[EventDate "2014.03.23"]
[EventType "swiss"]
[EventRounds "9"]
[EventCountry "ESP"]
[SourceTitle "EXT 2019"]
[Source "ChessBase"]
[SourceDate "2018.10.10"]
[SourceVersion "1"]
[SourceVersionDate "2018.10.10"]
[SourceQuality "1"]

1. e4 c5 2. Nf3 Nc6 3. c3 d5 4. exd5 Qxd5 5. c4 Qd8 6. d3 Nf6 7. Be3 Bg4 8. Be2 e6 9. Nbd2 Be7 10. 0-0 0-0 11. h3 Bh5 12. Nh2 Bxe2 13. Qxe2 Ne5 14. Bxc5 Bxc5 15. Qxe5 Qxd3 16. Qxc5 Qxd2 17. b3 Rfd8 18. Nf3 Qc2 19. Qe5 Rac8 20. Rfe1 Nd7 21. Qe3 Nc5 22. Re2 Qf5 23. Rd2 Rxd2 24. Qxd2 Ne4 25. Qd7 Qc5 26. Rf1 Kf8 27. Qxb7 Ng3 28. Rd1 Ne2+ 29. Kh1 Qc6 30. Rd8+ 1-0

[Event "Castilla La Mancha Men & Veterans"]
[Site "Guadalajara"]
[Date "2012.08.04"]
[Round "5.8"]
[White "Serrano Gallen, Rodrigo"]
[Black "Garces Adan, Jose A"]
[Result "1/2-1/2"]
[WhiteElo "1473"]
[BlackElo "1754"]
[PlyCount "108"]
[EventDate "2012.08.02"]
[EventType "swiss"]
[EventRounds "6"]
[EventCountry "ESP"]
[SourceTitle "EXT 2024"]
[Source "ChessBase"]
[SourceDate "2023.10.10"]
[SourceVersion "1"]
[SourceVersionDate "2023.10.10"]
[SourceQuality "1"]

1. Nf3 d6 2. d4 Bg4 3. c4 g6 4. e4 Bg7 5. Be3 Nf6 6. Nc3 0-0 7. Be2 Nc6 8. 0-0 Nd7 9. Qd2 e6 10. d5 Bxf3 11. Bxf3 Nce5 12. Be2 f5 13. dxe6 Nb6 14. Bxb6 axb6 15. Nd5 Nc6 16. exf5 gxf5 17. Bh5 Ne7 18. Qg5 Nxd5 19. Qxd8 Rfxd8 20. cxd5 Bf6 21. Rac1 Rdc8 22. Rfe1 Kf8 23. a3 Ra5 24. Rc2 Rxd5 25. Bf3 Rc5 26. Rd2 Ke7 27. Bxb7 Rb8 28. b4 Rc3 29. Bd5 Rxa3 30. Rc2 Ra7 31. b5 Bd4 32. Kf1 Bc5 33. Rb1 Rg8 34. Rb3 Rg4 35. Rh3 Rg7 36. Rh5 Ra3 37. Rxf5 Rd3 38. Rc1 Rxd5 39. Rxd5 Rg6 40. Rh5 h6 41. g4 Bb4 42. Rc4 Bd2 43. f4 Rxg4 44. Rxh6 Rxf4+ 45. Rxf4 Bxf4 46. Rh7+ Kxe6 47. Rxc7 Bxh2 48. Rc6 Kd5 49. Rxb6 Kc5 50. Rb7 d5 51. Ke2 Bg1 52. Kd3 Kb4 53. Rb8 Ka5 54. Ke2 Bb6 1/2-1/2